000 00737cab a2200253 4500
001 X1897
008 090401t1995 xxu||||| |||| 00| 0 eng d
035 _a(Sirsi) u20237
041 _aeng
245 _aDamages for breach of contract
260 _c1995
350 _a0
490 _aEstates Gazette Case Summaries
_v1995 EGCS 10 (4/2/95)
520 _aCA 26 January 1994.
650 _aASBESTOS REMOVAL
650 _aASBESTOS SHEETING
650 _aCONTRIBUTORY NEGLIGENCE
650 _aCONTROL OF ASBESTOS AT WORK REGULATIONS 1989
650 _aDUTY OF CARE
650 _aLAW REFORM (CONTRIBUTORY NEGLIGENCE) ACT 1945
690 _aLANDLORD AND TENANT-CASE LAW-BUSINESS TENANCIES
942 _n0
948 _c04/03/1997
999 _c13560
_d13560